| 000 | 00520nam a22001937a 4500 | ||
|---|---|---|---|
| 003 | OSt | ||
| 005 | 20190620091611.0 | ||
| 008 | 130906t xxu||||| |||| 00| 0 eng d | ||
| 050 |
_aQP 37 _b.B458 1992 |
||
| 082 |
_aHS 611 _bB43 1992 |
||
| 100 |
_aBender, Lionel _916724 |
||
| 245 |
_aThe human body/ _cLionel Bender. |
||
| 260 |
_aNew York : _bCrescent Books, _c1992. |
||
| 300 |
_a108 p. ; _bill. col. ; _c27 cm. |
||
| 650 |
_aHuman anatomy _92588 |
||
| 650 |
_aCell to life _916725 |
||
| 942 |
_2lcc _cBK |
||
| 999 |
_c10446 _d10446 |
||